00478nam a2200169Ia 4500008004100000082001600041100002400057245002000081250000600101260003300107300001000140500002400150650001400174942000700188952009600195999001700291230524s9999 xx 000 0 und d a330.33bJHI aM.L. Jhingan942702 0aMicro Economics a8 aNew DelhibVrinda Pub.c2016 a534p; aQuantity Number: 1 aEconomics cBK 00104070aTATCLbTATCLcGENd2023-05-24l0o330.33 JHIp54053r2023-05-24w2023-05-24yBK c57690d57690